Statistics for Metropolitan Regions with Largest Foreign Born Populations

Click here to take the quiz!

General Stats

  • This quiz has been taken 76 times
  • The average score is 14 of 18

Answer Stats

foreign born populationcity% Correct
5,656,000New York
100%
4,051,502London
96%
4,421,000Los Angeles
94%
2,429,223Paris
93%
1,113,875Houston
86%
1,625,649Chicago
84%
1,201,209San Francisco
81%
1,949,629Miami
80%
1,016,221Dallas
79%
2,794,840Toronto
79%
1,200,000Melbourne
76%
1,128,035Moscow
76%
1,759,129Sydney
76%
1,017,432Washington
76%
1,056,000Dubai
71%
1,305.011Singapore
69%
2,793,450Hong Kong
61%
1,054,000Riyadh
46%

Score Distribution

Percentile by Number Answered

Percent of People with Each Score

Your Score History

You have not taken this quiz